| 000 | nam a22 a 4500 | ||
|---|---|---|---|
| 999 |
_c9966 _d9966 |
||
| 003 | BLK | ||
| 005 | 20230331101645.0 | ||
| 008 | 180412b bul|||||r ||||||| ||bul|| | ||
| 010 | _aKNG00011411000 | ||
| 020 | _a954-05-0117-2 | ||
| 040 | _aBLK | ||
| 041 |
_aBUL _cBUL |
||
| 080 |
_aОвощарство в цялост _b634.1 _x(035) _z634.1(035) |
||
| 100 | 1 |
_aВиденов, Боян Миланов _eпърви автор _9255022 |
|
| 139 |
_aВиденов, Боян Миланов и др. _bВ 57 |
||
| 245 | 1 | 0 |
_a[Триста тридесет и един] 331 съвета за овощаря _cБоян Миланов Виденов; съавт. Георги Т. Ковачев; съавт. Стойне Л. Манов. |
| 257 | _aBGR | ||
| 260 |
_aСофия _bЗемиздат _c1992 _fПловдив : Полиграфия _n954-05-0117-2 |
||
| 300 |
_a255 с. _bс ил., табл. _c20 см |
||
| 380 | _a63 | ||
| 650 | 4 |
_aОвощарство - наръчници и ръководства _9242002 |
|
| 653 | _aовощарство | ||
| 700 | 1 |
_aКовачев, Георги Т. _eсъавт. _9255023 |
|
| 700 | 1 |
_aМанов, Стойне Лазаров _9255024 |
|
| 852 |
_aЦб 171758 _bЦб |
||
| 856 | 4 |
_qpdf _u _i0.00 _ldisable |
|
| 856 | 4 |
_qpdf _u _i0.00 _ldisable |
|
| 942 |
_cKNG _n0 _s1 |
||
| 944 |
_aCR _c15.01.2003 _kТеодора_Стоянова |
||
| 944 |
_aED _c28.12.2016 _kИвелин_Попов |
||
| 999 | _d9966 | ||